[Event "33rd Leon Blitz Open 2020"]
[Site "chess.com INT"]
[Date "2020.07.14"]
[Round "7"]
[White "Kuzubov, Yuriy"]
[Black "Safarli, Eltaj"]
[Result "1-0"]
[WhiteTitle "GM"]
[BlackTitle "GM"]
[WhiteElo "2643"]
[BlackElo "2598"]
[WhiteFideId "14112906"]
[BlackFideId "13402129"]
[EventDate "2020.07.14"]
[EventType "blitz"]

1. d4 Nf6 2. c4 e6 3. Nc3 Bb4 4. e3 O-O 5. Ne2 Re8 6. a3 Bf8 7. b4 a5 8. b5 b6
9. Nf4 Bb7 10. Be2 e5 11. dxe5 Rxe5 12. Bb2 Re8 13. Bf3 Qc8 14. Ncd5 Nxd5 15.
cxd5 d6 16. Bg4 Qd8 17. Qc2 Qg5 18. Qf5 Qxf5 19. Bxf5 Bc8 20. Bxc8 Rxc8 21. a4
Nd7 22. Bd4 Re8 23. Kd2 g6 24. Rac1 Nc5 25. Bxc5 dxc5 26. Kd3 Bd6 27. g3 f5 28.
Rhd1 Bxf4 29. gxf4 Rad8 30. Kc3 Re4 31. Kb3 Rb4+ 32. Ka3 Kf7 33. f3 Re8 34. Rc3
Ke7 35. h4 Kd6 36. Rcd3 c4 37. Rc3 Kc5 38. Rdc1 Kxd5 39. Rd1+ Ke6 40. Rd4 Kf6
41. e4 Re7 42. e5+ Kf7 43. Rdxc4 Rxc4 44. Rxc4 Rd7 45. Kb2 h5 46. Kc2 Kg7 47.
Kc3 Kf7 48. Rd4 Ke6 49. Rxd7 Kxd7 50. Kd4 c5+ 51. bxc6+ Kxc6 52. Kc4 Kd7 53. Kd5
Kc7 54. e6 Kd8 55. Kd6 Ke8 56. e7 1-0

[Event "33rd Leon Blitz Open 2020"]
[Site "chess.com INT"]
[Date "2020.07.14"]
[Round "7"]
[White "Jobava, Baadur"]
[Black "Sarana, Alexey"]
[Result "1-0"]
[WhiteTitle "GM"]
[BlackTitle "GM"]
[WhiteElo "2603"]
[BlackElo "2654"]
[WhiteFideId "13601520"]
[BlackFideId "24133795"]
[EventDate "2020.07.14"]
[EventType "blitz"]

1. d4 Nf6 2. c4 e6 3. Nc3 Bb4 4. e3 O-O 5. Ne2 d5 6. a3 Be7 7. cxd5 exd5 8. b4
Re8 9. g3 a5 10. b5 Nbd7 11. Bg2 Nb6 12. O-O Bf5 13. a4 Qd7 14. Ba3 Bb4 15. Qb3
Qd6 16. Rfc1 c6 17. Nf4 Nc4 18. Bxb4 Qxb4 19. Qd1 h6 20. Bf1 Rad8 21. Nd3 Qe7
22. bxc6 bxc6 23. Ra2 Ng4 24. Qf3 Bc8 25. Nc5 Nce5 26. Qd1 Ng6 27. h3 Nf6 28.
Bg2 h5 29. Rb2 h4 30. g4 Qd6 31. Rb6 Qc7 32. Rcb1 Re7 33. R6b2 Rde8 34. Qd3 Qd6
35. Rb6 Qc7 36. Na6 Qd6 37. Nb8 Bxg4 38. Rxc6 Qa3 39. hxg4 Nxg4 40. Bxd5 Nxe3
41. fxe3 Rxe3 42. Bxf7+ Kxf7 43. Qxg6+ Kg8 44. Kh2 Re2+ 45. Kh1 Re1+ 46. Rxe1
Rxe1+ 47. Kg2 Qb2+ 48. Kf3 Qxb8 49. Ne4 Qb3+ 50. Kf4 Rf1+ 51. Ke5 Qb8+ 52. Rd6
Rf7 53. Qe6 Kf8 54. Nc5 Qa8 55. Rd7 Qb8+ 56. Kd5 Qa8+ 57. Kc4 Qe8 58. Qd6+ Re7
59. Rd8 1-0

[Event "33rd Leon Blitz Open 2020"]
[Site "chess.com INT"]
[Date "2020.07.14"]
[Round "7"]
[White "Eswaran, Ashritha"]
[Black "Eljanov, Pavel"]
[Result "0-1"]
[WhiteTitle "WIM"]
[BlackTitle "GM"]
[WhiteElo "2244"]
[BlackElo "2672"]
[WhiteFideId "2080788"]
[BlackFideId "14102951"]
[EventDate "2020.07.14"]
[EventType "blitz"]

1. e4 c6 2. d4 d5 3. Nc3 dxe4 4. Nxe4 Bf5 5. Ng3 Bg6 6. N1e2 Nf6 7. Nf4 Nbd7 8.
c3 Qc7 9. h4 O-O-O 10. h5 e5 11. Nh3 Be4 12. Nxe4 Nxe4 13. Bd3 Nd6 14. O-O Be7
15. Qg4 Kb8 16. Bg5 Bxg5 17. Nxg5 h6 18. Nh3 e4 19. Bc2 Nf6 20. Qe2 Rde8 21. a4
g6 22. Nf4 Nf5 23. g3 gxh5 24. Nxh5 Nd5 25. Qg4 Nd6 26. Nf4 Reg8 27. Nxd5 cxd5
28. Qf4 h5 29. Kh2 h4 30. g4 Nc4 31. Qxc7+ Kxc7 32. b3 Nd2 33. Rfd1 Nf3+ 34. Kh3
Ng5+ 35. Kh2 Ne6 36. Rg1 Rg6 37. c4 Rf6 38. Rgf1 Nxd4 39. cxd5 Nxc2 40. Rac1 Kd6
41. Rxc2 Kxd5 42. Rd2+ Ke5 43. Re1 Rf4 44. Kh3 Rf3+ 45. Kh2 Kf4 46. Rd4 Re8 47.
Kg2 Re7 48. g5 h3+ 49. Kg1 Kxg5 50. Rdxe4 Rxe4 51. Rxe4 Rxb3 52. Rc4 f5 53. Kh2
a5 54. Rc7 b6 55. Rc4 Rb4 56. Rc6 Kg4 57. Rf6 f4 58. Rd6 Kf3 59. Kxh3 Kxf2 60.
Rf6 f3 61. Rd6 Rxa4 0-1

[Event "33rd Leon Blitz Open 2020"]
[Site "chess.com INT"]
[Date "2020.07.14"]
[Round "7"]
[White "Williams, Simon K"]
[Black "Olsen, Filip Boe"]
[Result "1-0"]
[WhiteTitle "GM"]
[BlackTitle "IM"]
[WhiteElo "2464"]
[BlackElo "2353"]
[WhiteFideId "404454"]
[BlackFideId "1440640"]
[EventDate "2020.07.14"]
[EventType "blitz"]

1. d4 d5 2. Nc3 Nf6 3. Bf4 a6 4. e3 e6 5. Nf3 c5 6. dxc5 Bxc5 7. Bd3 Nc6 8. O-O
O-O 9. e4 Ne7 10. e5 Nh5 11. Bd2 g6 12. g4 Ng7 13. Bg5 Qc7 14. Qd2 Nc6 15. Bf6
Be7 16. Qh6 Bxf6 17. exf6 Ne8 18. g5 Qf4 19. Ne1 Nxf6 20. Ng2 Ng4 21. Nxf4 Nxh6
22. gxh6 Ne5 23. Kg2 Ng4 24. Na4 Nxh6 25. Nb6 Rb8 26. Rae1 Ng4 27. c4 dxc4 28.
Bxc4 e5 29. Nfd5 Bf5 30. h3 Nh6 31. Rxe5 Rfd8 32. Rfe1 Rd6 33. a4 Kg7 34. a5 Rc6
35. b3 Rd8 36. Re7 Be6 37. Nb4 Bxc4 38. Nxc6 Bd5+ 39. Kh2 Bxc6 40. Nc4 Nf5 41.
Rc7 Nd4 42. Ree7 Bd5 43. b4 Nf3+ 44. Kg3 Ng5 45. Ne3 Bb3 46. h4 Ne6 47. Rxb7 Nd4
48. Rb6 h5 49. Rxa6 Rb8 50. Rb6 Rd8 51. a6 Ne6 52. a7 Ra8 53. Rb8 Bd5 54. Rxa8
Bxa8 55. Re8 Bb7 56. Rb8 Be4 57. a8=Q Bxa8 58. Rxa8 1-0

[Event "33rd Leon Blitz Open 2020"]
[Site "chess.com INT"]
[Date "2020.07.14"]
[Round "7"]
[White "Divya, Deshmukh"]
[Black "Novoselski, Zoran"]
[Result "0-1"]
[WhiteTitle "WIM"]
[BlackTitle "IM"]
[WhiteElo "2305"]
[BlackElo "2318"]
[WhiteFideId "35006916"]
[BlackFideId "901970"]
[EventDate "2020.07.14"]
[EventType "blitz"]

1. e4 e5 2. Nc3 Nf6 3. Bc4 Nxe4 4. Qh5 Nd6 5. Bb3 Nc6 6. Nb5 g6 7. Qf3 Qe7 8.
Nxc7+ Kd8 9. Nxa8 b6 10. d3 Bb7 11. Nxb6 axb6 12. Be3 Nd4 13. Qh3 N6f5 14. c3
Nxe3 15. fxe3 Nxb3 16. axb3 f5 17. Ra7 Kc8 18. Ne2 Qe6 19. c4 Bb4+ 20. Nc3 Ba5
21. b4 Bxb4 22. Ra4 Bc5 23. Ke2 Qc6 24. b4 Be7 25. Rha1 Kb8 26. Nd5 Bd8 27. Qg3
Qe6 28. Nc3 f4 29. Qh3 f3+ 30. Kd2 fxg2 31. Qxe6 dxe6 32. e4 Bg5+ 33. Ke2 Rf8
34. Rg1 Bf4 35. Rxg2 g5 36. Ra1 h5 37. Rf1 Rh8 38. Kd1 h4 39. h3 Bc6 40. Kc2 Be8
41. Ne2 Rh5 42. Nxf4 exf4 43. d4 e5 44. d5 Bd7 45. Rfg1 Bxh3 46. Rxg5 Rxg5 47.
Rxg5 f3 48. Rg8+ Kc7 49. c5 bxc5 50. bxc5 f2 51. Rg7+ Kd8 52. Rg8+ Ke7 53. d6+
Kf7 54. d7 Bxd7 55. Rd8 Ke7 0-1

[Event "33rd Leon Blitz Open 2020"]
[Site "chess.com INT"]
[Date "2020.07.14"]
[Round "7"]
[White "Ziatdinov, Raset"]
[Black "Keosidi, Konstantin"]
[Result "0-1"]
[WhiteTitle "GM"]
[BlackTitle "FM"]
[WhiteElo "2213"]
[BlackElo "2404"]
[WhiteFideId "2015323"]
[BlackFideId "4175247"]
[EventDate "2020.07.14"]
[EventType "blitz"]

1. e4 e5 2. Nf3 Nf6 3. d4 Nxe4 4. Bd3 d5 5. Nxe5 Nd7 6. O-O Nxe5 7. dxe5 Nc5 8.
Nc3 c6 9. f4 Nxd3 10. Qxd3 g6 11. Be3 Bf5 12. Qe2 h5 13. h3 h4 14. Bf2 Be7 15.
Nd1 Qd7 16. Ne3 Be4 17. Rad1 Qe6 18. c4 O-O-O 19. cxd5 cxd5 20. Nc2 Kb8 21. Nd4
Qd7 22. Rc1 Rc8 23. Nb5 b6 24. a4 Rxc1 25. Rxc1 Rc8 26. Rxc8+ Qxc8 27. Qd2 Qc4
28. Nc3 Bb4 29. Qd4 Bxc3 30. Qxc4 dxc4 31. bxc3 Bc6 32. Bxh4 Bxa4 33. g4 Bd7 34.
Kf2 a5 35. Be7 Kb7 36. Kg3 Kc6 37. h4 b5 38. f5 gxf5 39. g5 b4 40. cxb4 a4 41.
h5 Kb5 42. e6 fxe6 43. h6 c3 44. g6 c2 45. Bg5 a3 46. h7 f4+ 47. Bxf4 e5 48. Bc1
a2 49. h8=Q a1=Q 50. Qb8+ Kc4 51. Qc7+ Kb3 52. Bd2 Qd4 53. Qc5 Qxd2 54. g7 Be6 0-1

[Event "33rd Leon Blitz Open 2020"]
[Site "chess.com INT"]
[Date "2020.07.14"]
[Round "7"]
[White "Pichot, Alan"]
[Black "Svane, Rasmus"]
[Result "0-1"]
[WhiteTitle "GM"]
[BlackTitle "GM"]
[WhiteElo "2630"]
[BlackElo "2613"]
[WhiteFideId "110973"]
[BlackFideId "4657101"]
[EventDate "2020.07.14"]
[EventType "blitz"]

1. e4 c6 2. Nf3 d5 3. d3 dxe4 4. dxe4 Qxd1+ 5. Kxd1 Nf6 6. Nfd2 g6 7. f3 Bh6 8.
a4 Be6 9. c3 Nbd7 10. Kc2 Ne5 11. Na3 O-O-O 12. Ndc4 Bxc1 13. Rxc1 Nfd7 14. Rd1
g5 15. Be2 Ng6 16. g3 h5 17. Ne3 Nc5 18. Bc4 Nxa4 19. Bxe6+ fxe6 20. Nac4 Rxd1
21. Rxd1 Nb6 22. Nd2 Rf8 23. Ra1 a6 24. Ra5 e5 25. Nf5 h4 26. Ra1 hxg3 27. hxg3
Rh8 28. Kd3 Nd7 29. b4 Rh3 30. Rg1 Kc7 31. Nc4 b5 32. Nce3 e6 33. Ng7 Ngf8 34.
Ng4 Kd8 35. Ra1 Rh7 36. Nf5 exf5 37. exf5 Rf7 38. Ne3 Nf6 39. Rxa6 Rc7 40. Ra8+
Ke7 41. c4 Rd7+ 42. Kc3 Rd4 43. cxb5 cxb5 44. Ra7+ N8d7 45. Ra6 g4 46. fxg4 Nxg4
47. Re6+ Kf7 48. Nc2 Rc4+ 49. Kb3 Ngf6 50. Rd6 Ke7 51. Re6+ Kf7 52. Rd6 Ke7 53.
Re6+ Kd8 54. Ra6 Ne4 55. Ra5 Nd6 56. Ra6 Ke7 57. Ra7 Nxf5 58. Na3 Nd4+ 59. Kb2
Rxb4+ 60. Kc3 Rb3+ 61. Kd2 Rxg3 0-1

[Event "33rd Leon Blitz Open 2020"]
[Site "chess.com INT"]
[Date "2020.07.14"]
[Round "7"]
[White "Swati, Mohota"]
[Black "Sahil, Tickoo"]
[Result "0-1"]
[WhiteTitle "WFM"]
[WhiteElo "2027"]
[BlackElo "2245"]
[WhiteFideId "5006511"]
[BlackFideId "5019710"]
[EventDate "2020.07.14"]
[EventType "blitz"]

1. d4 Nf6 2. Nf3 e6 3. g3 b6 4. Bg2 Bb7 5. O-O c5 6. c3 Be7 7. Nbd2 O-O 8. Re1
d5 9. Ne5 Nc6 10. Ndf3 Nxe5 11. Nxe5 Nd7 12. Nxd7 Qxd7 13. Bf4 Rfd8 14. Rc1 Rac8
15. Qd2 a5 16. e4 cxd4 17. Qxd4 Bc5 18. Qd2 dxe4 19. Qxd7 Rxd7 20. Bxe4 Bxe4 21.
Rxe4 Rcd8 22. Rc2 h6 23. b4 Be7 24. Kg2 g5 25. Be3 Rb8 26. bxa5 bxa5 27. Ra4 Rb5
28. c4 Re5 29. c5 Bd8 30. c6 Rc7 31. Bb6 Rc8 32. Bxd8 Rxd8 33. c7 Rc8 34. Rd4
Rd5 35. Rxd5 exd5 36. Rc5 a4 37. Rxd5 Rxc7 38. Ra5 Rc4 39. Kf3 Kg7 40. Ra6 Rc3+
41. Kg4 Ra3 42. f4 gxf4 43. gxf4 Rxa2 44. h4 a3 45. Kh5 Ra1 46. Rxh6 f6 47. Rg6+
Kf7 48. Rg3 Ke6 49. Rd3 Kf5 50. Kh6 Kxf4 51. h5 f5 52. Kh7 a2 53. h6 Rh1 54. Ra3
a1=Q 55. Rxa1 Rxa1 56. Kh8 Ra8+ 57. Kg7 Ra7+ 58. Kh8 Kg5 59. h7 Kg6 60. Kg8 Ra8# 0-1

[Event "33rd Leon Blitz Open 2020"]
[Site "chess.com INT"]
[Date "2020.07.14"]
[Round "7"]
[White "Bauer, Christian"]
[Black "Maly, Alexey"]
[Result "0-1"]
[WhiteTitle "GM"]
[BlackTitle "IM"]
[WhiteElo "2623"]
[BlackElo "2371"]
[WhiteFideId "603767"]
[BlackFideId "14103184"]
[EventDate "2020.07.14"]
[EventType "blitz"]

1. d4 d5 2. Bg5 g6 3. e3 Bg7 4. c4 Nf6 5. Nc3 c6 6. Nf3 O-O 7. Qb3 dxc4 8. Bxc4
b5 9. Be2 Be6 10. Qc2 Qb6 11. O-O Nbd7 12. h3 Rfc8 13. e4 a5 14. Be3 Qb7 15. Ng5
Bc4 16. Bxc4 bxc4 17. Na4 Rab8 18. Qxc4 e6 19. e5 Nd5 20. Ne4 c5 21. Nd6 cxd4
22. Qxd4 Bxe5 23. Nxb7 Bxd4 24. Bxd4 Rxb7 25. Rac1 Rbc7 26. Rcd1 Rc2 27. Rfe1 h5
28. Nc3 Nxc3 29. Bxc3 Nb6 30. Bxa5 Nc4 31. Rd8+ Rxd8 32. Bxd8 Rxb2 33. Ra1 e5
34. a4 Rb8 35. Bf6 Rb6 36. Be7 f5 37. a5 Ra6 38. Bb4 Kf7 39. Rc1 Nb2 40. Rc7+
Ke6 41. Rb7 Nd3 42. Bd2 Kd5 43. f3 e4 44. fxe4+ fxe4 45. Kf1 Ne5 46. Rb5+ Kd4
47. Ke2 Nc4 48. Bb4 e3 49. Rg5 Rf6 50. Be1 Nb2 51. g4 Nd3 52. gxh5 Nf4+ 53. Kd1
gxh5 54. Rb5 e2+ 55. Kd2 Rd6 56. Rb4+ Kc5+ 57. Kc2 Ng2 58. Rb1 Ne3+ 59. Kc3 Rd1
60. Kb2 Nc4+ 61. Ka2 Nd6 0-1

[Event "33rd Leon Blitz Open 2020"]
[Site "chess.com INT"]
[Date "2020.07.14"]
[Round "7"]
[White "Fakhrutdinov, Timur"]
[Black "Grunberg, Mihai-Lucian"]
[Result "0-1"]
[WhiteTitle "FM"]
[BlackTitle "IM"]
[WhiteElo "2501"]
[BlackElo "2401"]
[WhiteFideId "24176702"]
[BlackFideId "1204149"]
[EventDate "2020.07.14"]
[EventType "blitz"]

1. e4 Nf6 2. e5 Nd5 3. d4 d6 4. Nf3 dxe5 5. Nxe5 c6 6. Be2 Nd7 7. Nc4 N7b6 8.
Ne3 g6 9. O-O Bg7 10. Bf3 O-O 11. a4 a5 12. c3 Nxe3 13. fxe3 e5 14. Nd2 Be6 15.
Ne4 Bd5 16. Nc5 Qe7 17. b3 Rfe8 18. e4 exd4 19. cxd4 Be6 20. Be3 Nd7 21. Nxe6
Qxe6 22. e5 Nb6 23. Rc1 Nd5 24. Bf2 f6 25. exf6 Bxf6 26. Re1 Qd6 27. Qd2 Qb4 28.
Bxd5+ cxd5 29. Qxb4 axb4 30. Rxe8+ Rxe8 31. Kf1 Re4 32. Rc8+ Kf7 33. Rc7+ Re7
34. Rc5 Rd7 35. Rb5 Be7 36. Ke2 Ke6 37. Bg3 h5 38. h3 Kf5 39. Kd3 g5 40. Be1 Kf4
41. a5 g4 42. hxg4 hxg4 43. g3+ Kf3 44. Bxb4 Bxb4 45. Rxb4 Kxg3 46. Rb6 Kg2 47.
b4 g3 48. b5 Kf1 49. Rf6+ Kg1 50. a6 bxa6 51. bxa6 g2 52. Kc3 Rg7 53. Kb4 Kh2
54. Rf2 Kg3 55. Rxg2+ Kxg2 56. Kc5 Kf3 57. Kxd5 Ra7 58. Kc6 Rxa6+ 59. Kb5 Rh6
60. d5 Ke4 0-1

[Event "33rd Leon Blitz Open 2020"]
[Site "chess.com INT"]
[Date "2020.07.14"]
[Round "7"]
[White "Vitiugov, Nikita"]
[Black "Babazada, Khazar"]
[Result "1/2-1/2"]
[WhiteTitle "GM"]
[BlackTitle "FM"]
[WhiteElo "2722"]
[BlackElo "2409"]
[WhiteFideId "4152956"]
[BlackFideId "13413554"]
[EventDate "2020.07.14"]
[EventType "blitz"]

1. d4 d5 2. Nf3 Nf6 3. Bf4 Bf5 4. c4 e6 5. Nc3 c6 6. Qb3 Qb6 7. e3 Qxb3 8. axb3
Bb4 9. Nd2 Nbd7 10. Be2 O-O 11. Na2 Bxd2+ 12. Kxd2 Rfe8 13. Nc3 a6 14. Ra5 Rad8
15. cxd5 Nxd5 16. Bg3 Bg6 17. Kc1 f6 18. Rd1 Nb4 19. Rd2 Kf7 20. e4 b6 21. Ra4
a5 22. f3 e5 23. Na2 Nxa2+ 24. Rxa2 exd4 25. Rxd4 Nc5 26. Rxd8 Rxd8 27. Bc4+ Ke7
28. Bc7 Nd3+ 29. Bxd3 Rxd3 30. Bxb6 Rxb3 31. Bxa5 Rb7 32. Bc3 Bf7 33. Ra6 Kd6
34. Kd2 Bc4 35. Ra5 Bb5 36. Ke3 Rd7 37. g4 Kc5 38. h4 h6 39. Ra8 Kc4 40. Rg8
Rd3+ 41. Kf2 Ba4 42. Rxg7 Bd1 43. f4 Rf3+ 44. Ke1 Bc2 45. e5 fxe5 46. fxe5 Bd3
47. Kd2 Kc5 48. e6 Bc4 49. e7 Rd3+ 50. Ke1 Re3+ 51. Kf2 Re6 52. g5 hxg5 53.
Rxg5+ Bd5 54. Rg7 Kd6 55. h5 Kd7 56. Bb4 Rh6 57. Rg5 Bf7 58. Rf5 Be8 59. Kg3
Rxh5 60. Rf1 c5 61. Bc3 Kxe7 62. Re1+ Kd7 63. Re5 Rxe5 64. Bxe5 Ke6 65. Bc3 Kd5
66. Kf2 Kc4 67. Kg3 Ba4 68. Kf4 1/2-1/2

[Event "33rd Leon Blitz Open 2020"]
[Site "chess.com INT"]
[Date "2020.07.14"]
[Round "7"]
[White "Demin, Vladimir"]
[Black "Gabriel, Robert"]
[Result "1/2-1/2"]
[WhiteTitle "IM"]
[BlackTitle "FM"]
[WhiteElo "2430"]
[BlackElo "2236"]
[WhiteFideId "4167457"]
[BlackFideId "4606477"]
[EventDate "2020.07.14"]
[EventType "blitz"]

1. e4 c5 2. Nf3 d6 3. d4 cxd4 4. Qxd4 Nc6 5. Bb5 Bd7 6. Bxc6 Bxc6 7. Nc3 e5 8.
Qd3 Nf6 9. Bg5 Be7 10. O-O-O O-O 11. Bxf6 Bxf6 12. Qxd6 Qa5 13. a3 Rac8 14. Qb4
Qxb4 15. axb4 a6 16. Nd5 Bxd5 17. Rxd5 Rc4 18. Nxe5 Rxe4 19. Nd7 Rc8 20. Nxf6+
gxf6 21. c3 Rxb4 22. Rhd1 Rb6 23. Kc2 Kg7 24. R1d3 Re6 25. Rg3+ Kf8 26. Kd2 Rce8
27. Re3 Rxe3 28. fxe3 Re6 29. b4 b5 30. Kd3 Rc6 31. Rd4 h6 32. c4 bxc4+ 33. Rxc4
Rd6+ 34. Kc3 Ke7 35. Rd4 Rc6+ 36. Kb3 f5 37. Rc4 Rd6 38. Rc7+ Ke6 39. Ka4 Rd2
40. Rc6+ Ke5 41. Rxa6 Ra2+ 42. Kb5 Rxg2 43. Rxh6 Re2 44. Rh3 Ke4 45. Kc5 Rxe3
46. Rxe3+ Kxe3 47. b5 f4 48. b6 f3 49. b7 f2 50. b8=Q f1=Q 51. Qe5+ Kd3 52. Qd4+
Ke2 53. Qc4+ Kf2 54. Qxf1+ Kxf1 55. h4 f5 56. Kd4 Kg2 57. Ke5 Kg3 58. h5 f4 59.
h6 f3 60. h7 f2 61. h8=Q f1=Q 62. Qg7+ Kf2 63. Qf6+ Ke2 64. Qxf1+ Kxf1 1/2-1/2

[Event "33rd Leon Blitz Open 2020"]
[Site "chess.com INT"]
[Date "2020.07.14"]
[Round "7"]
[White "Padmini, Rout"]
[Black "Koellner, Ruben Gideon"]
[Result "0-1"]
[WhiteTitle "IM"]
[BlackTitle "FM"]
[WhiteElo "2370"]
[BlackElo "2376"]
[WhiteFideId "5029295"]
[BlackFideId "12993093"]
[EventDate "2020.07.14"]
[EventType "blitz"]

1. e4 d6 2. d4 Nf6 3. Nc3 e5 4. dxe5 dxe5 5. Qxd8+ Kxd8 6. Be3 Be6 7. O-O-O+
Nbd7 8. f3 Bd6 9. Nb5 Ke7 10. b3 a6 11. Nxd6 cxd6 12. Kb2 Rhc8 13. c4 a5 14. Ne2
Nc5 15. Nc3 Nfd7 16. Bd3 Ra6 17. Bc2 Rca8 18. Rd2 Nf6 19. Rhd1 Ne8 20. Nb5 Nd7
21. Bd3 a4 22. Kc3 axb3 23. axb3 f6 24. Bb1 Rc6 25. Kb4 Raa6 26. Rd3 Nc7 27.
R3d2 Ne8 28. Nc3 Ra8 29. g3 Rca6 30. Nb5 Rc6 31. f4 Raa6 32. h4 h6 33. Rg1 Bg4
34. Nc3 Ra8 35. Nd5+ Kd8 36. Nc3 Nc7 37. Nb5 Nxb5 38. cxb5 Rcc8 39. Rxd6 Ke7 40.
Rd2 Ra1 41. f5 b6 42. Bd3 Rxg1 43. Bxg1 Nc5 44. Bxc5+ Rxc5 45. Bc4 Bf3 46. Ra2
Bxe4 47. Ra7+ Kd6 48. Be6 Rc7 49. Ra6 Rb7 50. Ra8 Re7 51. Rc8 Rc7 52. Rd8+ Ke7
53. Rb8 Rb7 54. Rg8 Kd6 55. Re8 Rc7 56. Rh8 Ke7 57. g4 Bf3 58. Rg8 Kd6 59. Rd8+
Ke7 60. Rg8 e4 61. Rxg7+ Kd6 62. Rxc7 Kxc7 63. g5 hxg5 64. hxg5 fxg5 65. f6 Kd6
66. Bc4 g4 67. Kc3 g3 68. f7 Ke7 69. Kd4 g2 0-1

[Event "33rd Leon Blitz Open 2020"]
[Site "chess.com INT"]
[Date "2020.07.14"]
[Round "7"]
[White "Yang, Kevin"]
[Black "Zuriel, Marisa"]
[Result "1/2-1/2"]
[BlackTitle "WIM"]
[WhiteElo "2275"]
[BlackElo "2203"]
[WhiteFideId "30908485"]
[BlackFideId "109142"]
[EventDate "2020.07.14"]
[EventType "blitz"]

1. d4 Nf6 2. Nc3 e6 3. Bf4 d5 4. e3 Bd6 5. Bg3 O-O 6. Nf3 Ne4 7. Nxe4 dxe4 8.
Nd2 f5 9. Bc4 Kh8 10. Qe2 Nc6 11. c3 Ne7 12. Bf4 Nd5 13. Bxd6 Qxd6 14. f3 exf3
15. gxf3 e5 16. O-O-O exd4 17. exd4 Be6 18. Rde1 Rae8 19. Qe5 Qc6 20. Rhg1 Qd7
21. Qg3 f4 22. Qg5 Ne3 23. Bxe6 Rxe6 24. Ne4 Rg6 25. Qc5 Re8 26. Rxg6 hxg6 27.
Qxa7 b6 28. Rg1 Qh3 29. Qa4 Rf8 30. Nd2 Qxh2 31. Re1 g5 32. Qc6 Qh4 33. Rg1 Rf6
34. Qe8+ Kh7 35. Qe4+ Kg8 36. Qe8+ Kh7 37. Qe7 Qh2 38. Re1 b5 39. Qxc7 b4 40. c4
b3 41. a3 Nf5 42. Qe5 Ng3 43. Qxg5 Rg6 44. Qxf4 Ne2+ 45. Rxe2 Qxf4 46. Re1 Qxd4
47. Ne4 Qxc4+ 48. Kb1 Qc2+ 49. Ka1 Rg2 50. Rb1 Re2 51. Nc3 Qxc3 52. Rh1+ Kg6 53.
bxc3 Ra2+ 54. Kb1 Kf5 55. Rh4 g5 56. Rb4 Rxa3 57. Kb2 Ra2+ 58. Kxb3 Rf2 59. Rb5+
Kf4 60. Rb8 Rxf3 61. Rf8+ Ke3 62. Rxf3+ Kxf3 63. c4 g4 64. c5 g3 65. c6 g2 66.
c7 g1=Q 67. c8=Q Qe3+ 68. Ka4 Qe4+ 69. Kb5 Qb1+ 70. Ka6 Qa2+ 71. Kb7 Qb3+ 72.
Ka7 Qa4+ 73. Kb6 Qb4+ 74. Ka6 Qa4+ 75. Kb7 Qb5+ 76. Ka8 Qa5+ 77. Kb8 Qb6+ 78.
Ka8 Qa5+ 79. Kb8 Qb6+ 80. Qb7+ Qxb7+ 81. Kxb7 1/2-1/2

[Event "33rd Leon Blitz Open 2020"]
[Site "chess.com INT"]
[Date "2020.07.14"]
[Round "7"]
[White "Henderson de La Fuente, Lance"]
[Black "Hess, Robert"]
[Result "1-0"]
[WhiteTitle "GM"]
[BlackTitle "GM"]
[WhiteElo "2491"]
[BlackElo "2591"]
[WhiteFideId "32096585"]
[BlackFideId "2022036"]
[EventDate "2020.07.14"]
[EventType "blitz"]

1. d4 g6 2. e4 Bg7 3. Nf3 a6 4. Bc4 e6 5. c3 Ne7 6. Bb3 d6 7. O-O Nd7 8. Re1 b6
9. Nbd2 Bb7 10. Nf1 h6 11. Ng3 O-O 12. Be3 Nf6 13. Bc2 Nc6 14. h3 e5 15. Qd2 Kh7
16. Rad1 Qe7 17. Nh2 Rad8 18. d5 Nb8 19. b4 Nbd7 20. a4 Ra8 21. Ra1 a5 22. Bd3
Ra7 23. Bb5 Rfa8 24. Nhf1 Nb8 25. Rec1 h5 26. Bg5 Qf8 27. Ne3 Ng8 28. Nc4 Bh6
29. bxa5 bxa5 30. Rab1 Bxg5 31. Qxg5 Qh6 32. Qxh6+ Kxh6 33. Nf1 f5 34. f3 Nf6
35. Nfd2 Ba6 36. Kf2 fxe4 37. fxe4 Nbd7 38. Ke3 Nc5 39. Bc6 Rf8 40. Na3 Nd3 41.
Rf1 Nf4 42. Rg1 g5 43. Nb5 Bxb5 44. axb5 a4 45. Nc4 a3 46. b6 cxb6 47. Nxd6 a2
48. Ra1 Ra3 49. Nb5 Ra5 50. c4 g4 51. g3 Nxh3 52. Rg2 Nh7 53. d6 Rf3+ 54. Kd2
Rf8 55. d7 Nf6 56. Kc2 Rd8 57. Rd2 Ng5 58. Nc7 Nfxe4 59. Bxe4 Nxe4 60. Ne6 Nxd2
61. Nxd8 Ra7 62. Nf7+ Kg7 63. d8=Q Nxc4 64. Ng5 Ne3+ 65. Kb3 Nf5 66. Ne6+ Kf7
67. Ng5+ Kg6 68. Ne4 Nd4+ 69. Kb2 Rf7 70. Qg5+ Kh7 71. Nf6+ 1-0

[Event "33rd Leon Blitz Open 2020"]
[Site "chess.com INT"]
[Date "2020.07.14"]
[Round "7"]
[White "Doluhanova, Evgeniya"]
[Black "Shuvalov, Evgenij"]
[Result "0-1"]
[WhiteTitle "WGM"]
[WhiteElo "2229"]
[BlackElo "2182"]
[WhiteFideId "14112035"]
[BlackFideId "4187237"]
[EventDate "2020.07.14"]
[EventType "blitz"]

1. e4 e6 2. d4 d5 3. Bd3 dxe4 4. Bxe4 Nf6 5. Bf3 c5 6. Ne2 Nc6 7. Be3 cxd4 8.
Nxd4 Ne5 9. Nc3 Be7 10. Qe2 O-O 11. O-O-O Bd7 12. Bxb7 Rb8 13. Nc6 Nxc6 14. Bxc6
Qc7 15. Bxd7 Nxd7 16. Qf3 Ba3 17. bxa3 Qxc3 18. Bd4 Qc7 19. Qc3 Qf4+ 20. Be3 Qa4
21. Rd4 Qb5 22. Rb4 Qa6 23. Rd1 Rbc8 24. Qd3 Qc6 25. Qe4 Qc7 26. Rb3 Nc5 27.
Bxc5 Qxc5 28. f3 Qg5+ 29. f4 Qc5 30. Rd2 Rfd8 31. Qe3 Qc6 32. Rbd3 Rxd3 33. Qxd3
g6 34. g3 Rb8 35. Kd1 Qb6 36. Ke2 Qg1 37. Kf3 Rb1 38. Qe3 Rf1+ 39. Rf2 Qh1+ 40.
Kg4 Re1 41. Qxa7 Qe4 42. Qb8+ Kg7 43. Qe5+ Qxe5 44. fxe5 Rxe5 45. Rf3 Rc5 46. c3
Rc4+ 47. Kh3 Ra4 48. Rf2 f5 49. Rc2 Rc4 50. Kg2 e5 51. Kf3 Kf6 52. Ke3 Ke6 53.
a4 Kd5 54. a5 Ra4 55. Rd2+ Kc6 56. Rd8 Rxa5 57. Re8 Kd6 58. Rd8+ Kc6 59. Re8 Kd5
60. Rd8+ Ke6 61. Re8+ Kd7 62. Rh8 h5 63. Rh6 Ra6 64. h3 Ke7 65. Rh7+ Kf6 66. h4
Rxa2 67. Rc7 Ra3 68. Rc6+ Kf7 69. Kd3 e4+ 70. Kd4 Kg7 71. Rc7+ Kf6 72. Rc6+ Kf7
73. Rc7+ Ke6 74. Rg7 Kf6 75. Rg8 Ra1 76. Rf8+ Ke7 77. Rg8 Kf7 78. Rb8 Rd1+ 79.
Ke3 Rd3+ 80. Kf4 Rxc3 81. Rb7+ Kf6 82. Rb6+ Kg7 83. Rb7+ Kh6 84. Rb6 Rf3+ 85.
Ke5 Rxg3 0-1

[Event "33rd Leon Blitz Open 2020"]
[Site "chess.com INT"]
[Date "2020.07.14"]
[Round "7"]
[White "Deac, Bogdan-Daniel"]
[Black "Lazavik, Denis"]
[Result "1/2-1/2"]
[WhiteTitle "GM"]
[BlackTitle "FM"]
[WhiteElo "2625"]
[BlackElo "2424"]
[WhiteFideId "1226380"]
[BlackFideId "13515110"]
[EventDate "2020.07.14"]
[EventType "blitz"]

1. Nf3 d5 2. d4 Nf6 3. c4 c6 4. g3 Bf5 5. Nc3 e6 6. Nh4 dxc4 7. Nxf5 exf5 8. e3
Nbd7 9. Bxc4 Nb6 10. Bb3 Qd7 11. Qd3 Be7 12. Bd2 O-O 13. Rd1 Rfe8 14. O-O Bf8
15. f3 c5 16. Bc1 cxd4 17. exd4 Nfd5 18. Nxd5 Nxd5 19. Rfe1 g6 20. Re5 Nb6 21.
Kg2 Bg7 22. Rc5 Bf8 23. Rb5 Rad8 24. a4 Nc8 25. Rd5 Qc6 26. Rxd8 Rxd8 27. Bg5
Re8 28. Rc1 Qd7 29. Qb5 Qxb5 30. axb5 Nd6 31. Kf1 Rc8 32. Rxc8 Nxc8 33. Bd5 Nd6
34. b6 axb6 35. Ke2 Bg7 36. Kd3 Kf8 37. Bd8 b5 38. b3 Ke8 39. Bb6 Kd7 40. Bc5
Bf6 41. Kc3 Bd8 42. Kb4 b6 43. Bxd6 Kxd6 44. Bxf7 Bf6 45. d5 Bd4 46. Kxb5 g5 47.
Bg8 h6 48. Be6 f4 49. g4 Bg1 50. h3 Be3 51. Ka6 Kc7 52. Kb5 Kd6 53. Bf7 Bg1 54.
Ka6 Kc7 55. Bg6 Be3 56. Be4 Bg1 57. Bd3 Be3 58. Bh7 Bg1 59. Kb5 Kd6 60. Bg8 Be3
61. Kc4 Ke5 62. Kb4 Bg1 63. Kb5 Kd6 64. Ka6 Kc7 65. Ka7 Be3 66. Bh7 Bg1 67. Bd3
Be3 68. Bb5 Bg1 69. Bc6 Be3 70. Ka6 Bg1 71. b4 Be3 72. Kb5 Kd6 73. Kc4 Ke5 74.
Kb5 Kd6 75. Ka6 Kc7 1/2-1/2